00766nam a2200217Ia 4500003000900000008004100009020001800050040001600068080001800084100002800102245008300130260003900213300001500252650003000267650003600297650003100333650002700364942000700391999001700398952013300415IN-BaIIA211028s9999 xx 000 0 eng d a0-486-60590-6 cIIA Library a524.3-64bCHA aChandrasekhar, S.91248 0aRadiative transfercS. Chandrasekhar  aNew YorkbDover Publicationsc1960 axiv, 393p. aIsotopic scatering930138 aPrinciples of invariance912834 aQuadrature formulae912835 aThe H-Functions927578 cBK c16286d16286 00104070aBANbKODcGENd2006-11-13eANJ g811.35l0o524.3-64/ CHAp17208r2021-11-05v811.35w2006-11-13yBKGRs. 811.35